000 00416nam a22001337a 4500
082 _a429 (A)
_cD
100 _aAther Ali
_947600
245 _aEconomic Analysis of roads maintenance and rehabilitation strategies feasible for roads in pakistan using H.D.M-4
260 _aNust MCE
_bMCE
_c2009
300 _a135p.:
_c40cm.
526 _a0
_b0
_c0
_d429_000000000000000_A
650 _aProject
_947601
942 _2ddc
_cBK
999 _c550791
_d550791